Sports Quiz

Random Sports or Football Quiz

NFL 1000 Yard Rushers Since 1990 Quiz Stats

 Plays Quiz Updated Mar 13, 2019

Score 0/156 Timer 15:00
2 Plays Today
# of Years Player % Correct
11Emmitt Smith
94.3%
4Robert Smith
93.8%
2Antowain Smith
93.7%
1Lamar Smith
93.7%
2Larry Johnson
89.3%
3Rudi Johnson
89.1%
1Anthony Johnson
89%
2Domanick Williams
87.7%
8LaDainian Tomlinson
87.3%
6Chris Johnson
87%
5Thomas Jones
85.1%
1Julius Jones
85.1%
1Kevin Jones
84.9%
9Barry Sanders
84.4%
5Ricky Williams
82.3%
2DeAngelo Williams
82.2%
1Cadillac Williams
82.1%
1Harvey Williams
82%
1Fred Jackson
81.5%
1David Johnson
80.8%
8Steven Jackson
80.2%
10Curtis Martin
77.6%
7Marshall Faulk
77.5%
7Edgerrin James
77.3%
8Jerome Bettis
76.3%
2Doug Martin
76.2%
4Terrell Davis
75.9%
4Stephen Davis
75.7%
6Ahman Green
75.2%
1Gaston Green
75%
1Harold Green
74.9%
5Shaun Alexander
74%
9Frank Gore
72.8%
6Tiki Barber
72.3%
7Jamal Lewis
72.1%
7Thurman Thomas
71.4%
2Anthony Thomas
71.3%
3Le'Veon Bell
69.6%
4Priest Holmes
68.8%
1Ronnie Brown
68.8%
1Chris Brown
68.7%
6Marshawn Lynch
68.3%
4Arian Foster
67.5%
2Gary Brown
66.6%
6Clinton Portis
66.2%
4Jamal Anderson
65.2%
2Mike Anderson
65.2%
1Neal Anderson
65.1%
2Reggie Bush
64.4%
7Fred Taylor
64%
1Chester Taylor
63.8%
3DeMarco Murray
63.4%
# of Years Player % Correct
7Corey Dillon
63.2%
8Adrian Peterson
62.6%
1Latavius Murray
62%
4Ray Rice
61.5%
6LeSean McCoy
61.5%
3Maurice Jones-Drew
61.4%
5Warrick Dunn
61.2%
1Barry Foster
60.8%
1Michael Vick
60.8%
2Brian Westbrook
60.5%
1C.J. Anderson
58.5%
7Eddie George
57.8%
3Willie Parker
57.6%
1Jonathan Stewart
57.2%
2James Stewart
57.1%
3Michael Turner
57%
2Ezekiel Elliott
56.1%
1Jeremy Hill
54.9%
2Brandon Jacobs
54.8%
2Joseph Addai
54.7%
3Alfred Morris
53.5%
2Shonn Greene
53.2%
1LenDale White
52.8%
1Lorenzo White
52.7%
1Tatum Bell
51.2%
4Deuce McAllister
51.1%
3Todd Gurley
49.3%
2Mark Ingram
48.3%
1Saquon Barkley
48.3%
4Willis McGahee
48.2%
1Kareem Hunt
48%
2Eddie Lacy
46.9%
2Ryan Grant
45.5%
4Terry Allen
45.2%
1James Allen
45.2%
7Ricky Watters
44.6%
2Lamar Miller
44.2%
1CJ Spiller
43.9%
5Matt Forte
42.6%
5Jamaal Charles
42.1%
4Garrison Hearst
40.8%
2Devonta Freeman
40.1%
1Melvin Gordon
39.8%
3Cedric Benson
39.2%
1Derrick Henry
38%
2Ahmad Bradshaw
36.4%
1Leonard Fournette
36.3%
1Steve Slaton
36.1%
2Darren McFadden
36%
2Jordan Howard
35.7%
1Jay Ajayi
35.1%
1Derrick Ward
34.7%
# of Years Player % Correct
3Travis Henry
34.6%
2Ryan Mathews
34.4%
3Duce Staley
34.2%
2Rashard Mendenhall
34%
1Knowshon Moreno
33.7%
1Chris Ivory
32.2%
2Dorsey Levens
31.1%
1Justin Forsett
30.6%
1Stevan Ridley
29.7%
1Christian Okoye
29.5%
1Christian McCaffrey
29.3%
1Beanie Wells
28.8%
1Justin Fargas
28.5%
2BenJarvus Green-Ellis
28.3%
1Peyton Hillis
28.2%
1Joe Mixon
27.4%
1Michael Bennett
27.1%
1Edgar Bennett
27.1%
1Herschel Walker
26.6%
1Raymont Harris
26.2%
2Reuben Droughns
26%
1Natrone Means
25.9%
2Charlie Garner
25%
1Ladell Betts
24.2%
1Dominic Rhodes
24%
2LeGarrette Blount
22.7%
1Chris Carson
22.4%
1Phillip Lindsay
22.3%
1LaMont Jordan
21.5%
2Earnest Byner
20.4%
1Olandis Gary
19.4%
1Cleveland Gary
19.3%
1Tyrone Wheatley
18.9%
5Rodney Hampton
18.1%
4Chris Warren
18.1%
1Marion Butts
15.4%
1Kevan Barlow
15.2%
1Reggie Brooks
15.1%
1James Brooks
15.1%
1Ronald Moore
14.3%
1Napoleon Kaufman
13.3%
1Robert Edwards
13.3%
1Abdul-Karim al-Jabbar
12.9%
1Rashaan Salaam
12.1%
1Barry Word
11.6%
3Adrian Murrell
9.6%
2Errict Rhett
9.4%
1Craig Heyward
9.4%
1Bobby Humphrey
6.6%
1Reggie Cobb
6%
1Leonard Russell
5.8%
1Erric Pegram
5.6%

You're not logged in!

Compare scores with friends on all Sporcle quizzes.
OR
Log In

You Might Also Like...

Show Comments

Extras

Top Quizzes Today


Score Distribution

Your Account Isn't Verified!

In order to create a playlist on Sporcle, you need to verify the email address you used during registration. Go to your Sporcle Settings to finish the process.

Report this User

Report this user for behavior that violates our Community Guidelines.

Details: